[Event "Irkutsk-ch"]
[Site "Irkutsk"]
[Date "2017.03.04"]
[Round "9"]
[White "Kyshtymov, Daniil"]
[Black "Ginzburg, Alexander"]
[Result "1-0"]
[WhiteElo "1992"]
[BlackElo "1949"]
[PlyCount "29"]
[EventDate "2017.02.04"]
[EventType "swiss"]
[EventRounds "9"]
[EventCountry "RUS"]
[SourceTitle "CBM 177 Extra"]
[Source "ChessBase"]
[SourceDate "2017.04.27"]
[SourceVersion "1"]
[SourceVersionDate "2017.04.27"]
[SourceQuality "1"]

1. e4 d6 2. d4 Nd7 3. Nc3 e5 4. Nf3 Ngf6 5. Bc4 exd4 6. Qxd4 Be7 7. Bxf7+ Kxf7 8. Ng5+ Kg6 9. f4 Ne5 10. 0-0 Rf8 11. f5+ Kh5 12. Qe3 Ng6 13. Qh3+ Nh4 14. g3 Ng4 15. Qxh4# 1-0

[Event "Irkutsk-ch"]
[Site "Irkutsk"]
[Date "2017.02.25"]
[Round "7"]
[White "Goriachkin, Viktor"]
[Black "Ginzburg, Alexander"]
[Result "1/2-1/2"]
[WhiteElo "1898"]
[BlackElo "1949"]
[PlyCount "52"]
[EventDate "2017.02.04"]
[EventType "swiss"]
[EventRounds "9"]
[EventCountry "RUS"]
[SourceTitle "CBM 177 Extra"]
[Source "ChessBase"]
[SourceDate "2017.04.27"]
[SourceVersion "1"]
[SourceVersionDate "2017.04.27"]
[SourceQuality "1"]

1. e4 c5 2. Nf3 g6 3. Nc3 Bg7 4. d4 cxd4 5. Nxd4 Nc6 6. Be3 Nf6 7. f3 0-0 8. Bc4 Ne5 9. Bb3 b6 10. Qd2 Bb7 11. 0-0-0 d5 12. Bf4 Nh5 13. Bh6 dxe4 14. Bxg7 Nxg7 15. fxe4 Rc8 16. Qf4 Qc7 17. Qh4 a6 18. Rhf1 b5 19. Nf3 Nc4 20. Rd3 Ne6 21. Ng5 Nxg5 22. Qxg5 b4 23. Rh3 Qe5 24. Qxe5 Nxe5 25. Nd5 Bxd5 26. exd5 Rc7 1/2-1/2

[Event "Irkutsk-ch"]
[Site "Irkutsk"]
[Date "2017.02.12"]
[Round "3"]
[White "Ginzburg, Alexander"]
[Black "Ergeshov, Timur"]
[Result "0-1"]
[WhiteElo "1949"]
[BlackElo "2301"]
[PlyCount "84"]
[EventDate "2017.02.04"]
[EventType "swiss"]
[EventRounds "9"]
[EventCountry "RUS"]
[SourceTitle "CBM 177 Extra"]
[Source "ChessBase"]
[SourceDate "2017.04.27"]
[SourceVersion "1"]
[SourceVersionDate "2017.04.27"]
[SourceQuality "1"]

1. e4 c5 2. Nc3 d6 3. g3 Nc6 4. Bg2 g6 5. Nge2 Bg7 6. 0-0 e6 7. d3 Nge7 8. Be3 Nd4 9. f4 0-0 10. g4 f5 11. gxf5 exf5 12. Ng3 Rb8 13. Qd2 b5 14. Rae1 b4 15. Nd5 Nxd5 16. exd5 Qa5 17. a3 Qa4 18. b3 Qxa3 19. Ne2 Nxe2+ 20. Rxe2 Qb2 21. Bf2 Qf6 22. Rfe1 Bd7 23. Re7 Rf7 24. Qe3 Rd8 25. Re6 Bxe6 26. dxe6 Re7 27. Bd5 h6 28. Qh3 g5 29. fxg5 hxg5 30. Qh5 Qh6 31. Qf3 Rf8 32. Qg3 Rd8 33. Qf3 Qg6 34. Kh1 Bf6 35. Rg1 Kg7 36. Bg3 Bd4 37. Rg2 g4 38. Bh4 gxf3 39. Rxg6+ Kxg6 40. Bxe7 Rg8 41. Bxd6 Kf6 42. Bg3 f4 0-1

[Event "Irkutsk Spring"]
[Site "Irkutsk"]
[Date "2016.04.17"]
[Round "5"]
[White "Ladyzhinsky, Igor"]
[Black "Ginzburg, Alexander"]
[Result "1/2-1/2"]
[WhiteElo "1857"]
[BlackElo "1914"]
[PlyCount "39"]
[EventDate "2016.04.09"]
[EventType "swiss"]
[EventRounds "9"]
[EventCountry "RUS"]
[SourceTitle "EXT 2022"]
[Source "ChessBase"]
[SourceDate "2021.10.06"]
[SourceVersion "1"]
[SourceVersionDate "2021.10.06"]
[SourceQuality "1"]

1. d4 Nf6 2. Bf4 d5 3. e3 c5 4. c3 Nc6 5. Nd2 g6 6. Bd3 Bg7 7. h3 0-0 8. Ngf3 Nd7 9. 0-0 cxd4 10. exd4 e5 11. dxe5 Ndxe5 12. Bc2 d4 13. Bxe5 Bxe5 14. Nxe5 Nxe5 15. Nf3 Nxf3+ 16. Qxf3 dxc3 17. Qxc3 Qb6 18. Bb3 Bf5 19. Rfe1 Rac8 20. Qe3 1/2-1/2

[Event "Irkutsk Spring"]
[Site "Irkutsk"]
[Date "2016.04.16"]
[Round "4"]
[White "Ginzburg, Alexander"]
[Black "Trukhin, Dmitry"]
[Result "1/2-1/2"]
[WhiteElo "1914"]
[BlackElo "1685"]
[PlyCount "71"]
[EventDate "2016.04.09"]
[EventType "swiss"]
[EventRounds "9"]
[EventCountry "RUS"]
[SourceTitle "EXT 2022"]
[Source "ChessBase"]
[SourceDate "2021.10.06"]
[SourceVersion "1"]
[SourceVersionDate "2021.10.06"]
[SourceQuality "1"]

1. e4 e5 2. Nf3 Nc6 3. Bc4 Bc5 4. 0-0 Nf6 5. b4 Bxb4 6. d4 d6 7. c3 Ba5 8. d5 Ne7 9. Bg5 Bb6 10. Bxf6 gxf6 11. Nh4 Qd7 12. Be2 Qd8 13. Kh1 Ng6 14. Nf5 Bxf5 15. exf5 Ne7 16. Nd2 Nxd5 17. Ne4 Nf4 18. Bc4 d5 19. Bxd5 Nxd5 20. Qxd5 Qxd5 21. Nxf6+ Kf8 22. Nxd5 Rd8 23. Rad1 Ba5 24. f6 Rd6 25. f4 e4 26. f5 c6 27. Nf4 Rxd1 28. Rxd1 h5 29. Rd6 Ke8 30. Rd4 Bxc3 31. Rxe4+ Kf8 32. Re7 Rh6 33. Rxb7 Rxf6 34. Nxh5 Rxf5 35. g4 Ra5 36. Rb3 1/2-1/2

[Event "Irkutsk Spring"]
[Site "Irkutsk"]
[Date "2016.04.13"]
[Round "3"]
[White "Shcherbakov, Gleb"]
[Black "Ginzburg, Alexander"]
[Result "0-1"]
[WhiteElo "1483"]
[BlackElo "1914"]
[PlyCount "98"]
[EventDate "2016.04.09"]
[EventType "swiss"]
[EventRounds "9"]
[EventCountry "RUS"]
[SourceTitle "EXT 2022"]
[Source "ChessBase"]
[SourceDate "2021.10.06"]
[SourceVersion "1"]
[SourceVersionDate "2021.10.06"]
[SourceQuality "1"]

1. d4 Nf6 2. c4 g6 3. Nc3 d5 4. cxd5 Nxd5 5. e4 Nb6 6. g3 Bg7 7. Nge2 Nc6 8. d5 Ne5 9. Bg2 0-0 10. 0-0 c6 11. f4 Nec4 12. dxc6 bxc6 13. b3 Na5 14. Bb2 Ba6 15. Re1 Qc7 16. Qc2 c5 17. Nd1 Bxb2 18. Nxb2 Rad8 19. Rad1 Rxd1 20. Rxd1 Rd8 21. Rxd8+ Qxd8 22. e5 Nb7 23. Nc3 Qd4+ 24. Kh1 Qe3 25. Ne2 Bxe2 26. Bxb7 Qf2 27. Qc1 Qd4 28. Bg2 Kg7 29. h3 Nd5 30. Nc4 Bxc4 31. Qxc4 Qxc4 32. bxc4 Ne3 33. Kg1 Nxc4 34. Kf2 e6 35. Ke2 Kf8 36. Kd3 Nb6 37. Bc6 Ke7 38. a4 a5 39. Kc3 h6 40. Kb3 f6 41. Kc3 fxe5 42. fxe5 Nd7 43. Kc4 Nxe5+ 44. Kxc5 Nxc6 45. Kxc6 e5 46. Kd5 Kf6 47. g4 Kg5 48. Kxe5 Kh4 49. Kf4 g5+ 0-1

[Event "Irkutsk Spring"]
[Site "Irkutsk"]
[Date "2016.04.09"]
[Round "1"]
[White "Popov, Petr"]
[Black "Ginzburg, Alexander"]
[Result "0-1"]
[WhiteElo "1583"]
[BlackElo "1914"]
[PlyCount "34"]
[EventDate "2016.04.09"]
[EventType "swiss"]
[EventRounds "9"]
[EventCountry "RUS"]
[SourceTitle "EXT 2022"]
[Source "ChessBase"]
[SourceDate "2021.10.06"]
[SourceVersion "1"]
[SourceVersionDate "2021.10.06"]
[SourceQuality "1"]

1. e4 e5 2. Nf3 Nc6 3. Bc4 Nf6 4. d4 exd4 5. Nxd4 Nxe4 6. 0-0 d5 7. Bb3 Bc5 8. Be3 0-0 9. Nd2 Nxd4 10. Bxd4 Bxd4 11. Nf3 Bxb2 12. Rb1 Nc3 13. Qd3 Nxb1 14. Rxb1 Bf6 15. Rd1 Be6 16. Qb5 c6 17. Qxb7 Qb6 0-1

[Event "Irkutsk-ch op"]
[Site "Irkutsk"]
[Date "2016.02.28"]
[Round "6"]
[White "Ginzburg, Alexander"]
[Black "Ladyzhinsky, Igor"]
[Result "0-1"]
[WhiteElo "1929"]
[BlackElo "1840"]
[PlyCount "48"]
[EventDate "2016.02.13"]
[EventType "swiss"]
[EventRounds "9"]
[EventCountry "RUS"]
[SourceTitle "EXT 2018"]
[Source "ChessBase"]
[SourceDate "2017.10.13"]
[SourceVersion "1"]
[SourceVersionDate "2017.10.13"]
[SourceQuality "1"]

1. d4 d5 2. c4 dxc4 3. Nf3 a6 4. a4 Nc6 5. d5 Na5 6. Bf4 Nf6 7. Nc3 Bf5 8. Nh4 Be4 9. f3 Bxd5 10. e4 Bc6 11. Qc2 e6 12. Rd1 Nd7 13. Nd5 exd5 14. Nf5 dxe4 15. Bxc4 Bb4+ 16. Kf2 Bc5+ 17. Kg3 Qf6 18. fxe4 0-0-0 19. Bd5 g5 20. Bd2 Qe5+ 21. Kh3 g4+ 22. Kh4 Bf2+ 23. g3 Bxd5 24. Bf4 Qxf4 0-1

[Event "Irkutsk-ch op"]
[Site "Irkutsk"]
[Date "2016.02.22"]
[Round "4"]
[White "Ginzburg, Alexander"]
[Black "Mikeshin, Sergey Alekseevich"]
[Result "0-1"]
[WhiteElo "1929"]
[BlackElo "2136"]
[PlyCount "72"]
[EventDate "2016.02.13"]
[EventType "swiss"]
[EventRounds "9"]
[EventCountry "RUS"]
[SourceTitle "EXT 2018"]
[Source "ChessBase"]
[SourceDate "2017.10.13"]
[SourceVersion "1"]
[SourceVersionDate "2017.10.13"]
[SourceQuality "1"]

1. d4 Nf6 2. Nf3 e6 3. c4 b6 4. Nc3 Bb7 5. Bg5 Bb4 6. e3 h6 7. Bh4 0-0 8. Bd3 d5 9. cxd5 exd5 10. 0-0 Nbd7 11. Ne5 Be7 12. Bf5 g6 13. Bh3 Nxe5 14. dxe5 Ne4 15. Bxe7 Qxe7 16. f4 Rad8 17. Nxe4 dxe4 18. Qg4 Bc8 19. Qg3 Bxh3 20. Qxh3 Kh7 21. g4 Rd3 22. Rac1 c5 23. f5 g5 24. Qg3 Rd5 25. e6 fxe6 26. fxe6 Rxf1+ 27. Rxf1 Qxe6 28. Qc7+ Rd7 29. Qb8 Qxg4+ 30. Kh1 Qe6 31. Qf8 Qe7 32. Qa8 Kg7 33. Rf5 Rd8 34. Qc6 Rd6 35. Qa8 Rf6 36. Rd5 Qf7 0-1

[Event "Irkutsk Veda"]
[Site "Irkutsk"]
[Date "2015.08.09"]
[Round "2"]
[White "Sidorov, Anton"]
[Black "Ginzburg, Alexander"]
[Result "1-0"]
[WhiteElo "2188"]
[BlackElo "1953"]
[PlyCount "51"]
[EventDate "2015.08.08"]
[EventType "swiss"]
[EventRounds "9"]
[EventCountry "RUS"]
[SourceTitle "EXT 2018"]
[Source "ChessBase"]
[SourceDate "2017.10.13"]
[SourceVersion "1"]
[SourceVersionDate "2017.10.13"]
[SourceQuality "1"]

1. e4 Nf6 2. e5 Nd5 3. c4 Nb6 4. d4 d6 5. exd6 exd6 6. Nc3 Be7 7. Bd3 Nc6 8. Nge2 0-0 9. 0-0 Nb4 10. Bb1 g6 11. a3 Nc6 12. Bd3 Bg5 13. b4 Bxc1 14. Rxc1 d5 15. c5 Nc4 16. Bxc4 dxc4 17. d5 Ne5 18. Qd4 Re8 19. f4 Ng4 20. Rfe1 Re3 21. h3 Qh4 22. hxg4 Re8 23. Ne4 Bxg4 24. Nf6+ Kf8 25. Nxe8 Rxe8 26. Qh8+ 1-0

[Event "Irkutsk Baykal op"]
[Site "Irkutsk"]
[Date "2015.06.06"]
[Round "8"]
[White "Ginzburg, Alexander"]
[Black "Demin, Petr"]
[Result "1-0"]
[WhiteElo "1979"]
[BlackElo "1949"]
[PlyCount "41"]
[EventDate "2015.05.30"]
[EventType "swiss"]
[EventRounds "9"]
[EventCountry "RUS"]
[SourceTitle "EXT 2016"]
[Source "ChessBase"]
[SourceDate "2015.10.08"]
[SourceVersion "1"]
[SourceVersionDate "2015.10.08"]
[SourceQuality "1"]

1. e4 e6 2. Nf3 d5 3. exd5 exd5 4. d4 Nf6 5. Bd3 c5 6. dxc5 Bxc5 7. 0-0 0-0 8. Bg5 Qb6 9. Nc3 Ne4 10. Nxd5 Nxf2 11. Rxf2 Bxf2+ 12. Kh1 Qd6 13. Bxh7+ Kh8 14. Bf4 Qc6 15. Ng5 g6 16. Be5+ f6 17. Bxg6 Kg7 18. Ne7 Qd7 19. Qh5 Rh8 20. Qxh8+ Kxh8 21. Bxf6# 1-0

[Event "Irkutsk Baykal op"]
[Site "Irkutsk"]
[Date "2015.06.04"]
[Round "6"]
[White "Rozhnev, Gennady"]
[Black "Ginzburg, Alexander"]
[Result "1-0"]
[WhiteElo "2088"]
[BlackElo "1979"]
[PlyCount "105"]
[EventDate "2015.05.30"]
[EventType "swiss"]
[EventRounds "9"]
[EventCountry "RUS"]
[SourceTitle "EXT 2016"]
[Source "ChessBase"]
[SourceDate "2015.10.08"]
[SourceVersion "1"]
[SourceVersionDate "2015.10.08"]
[SourceQuality "1"]

1. e4 Nf6 2. Nc3 d5 3. e5 Ne4 4. d4 Bf5 5. Nxe4 Bxe4 6. Nf3 e6 7. Bd3 Nc6 8. c3 Be7 9. 0-0 Bxd3 10. Qxd3 0-0 11. Ne1 f6 12. Qh3 fxe5 13. Qxe6+ Kh8 14. dxe5 d4 15. Nf3 d3 16. Be3 Qe8 17. Nd4 Nd8 18. Qc4 c5 19. Nb3 b5 20. Qxd3 c4 21. Qd5 Nf7 22. Nd4 Rd8 23. Qxb5 Qxb5 24. Nxb5 Nxe5 25. Nxa7 Rd5 26. Bd4 Ra8 27. Bxe5 Rxa7 28. Bd4 Rb7 29. Rfe1 h5 30. Re2 Kh7 31. a4 Bd6 32. a5 Rdb5 33. a6 Rb8 34. g3 h4 35. a7 Ra8 36. Kg2 Rh5 37. h3 hxg3 38. fxg3 Rb5 39. Ra6 Bc7 40. Rc6 Bd8 41. Rxc4 Ra5 42. Rb4 R5xa7 43. Bxa7 Rxa7 44. Re6 Be7 45. Rb5 Bd8 46. Rh5+ Kg8 47. Re8+ Kf7 48. Rxd8 Ke7 49. Rb8 Ra2 50. Rb6 Kd7 51. c4 Kc7 52. c5 Kd7 53. Rh7 1-0

[Event "Irkutsk Baykal op"]
[Site "Irkutsk"]
[Date "2015.06.01"]
[Round "3"]
[White "Kiselyov, Sergei"]
[Black "Ginzburg, Alexander"]
[Result "1-0"]
[WhiteElo "2070"]
[BlackElo "1979"]
[PlyCount "161"]
[EventDate "2015.05.30"]
[EventType "swiss"]
[EventRounds "9"]
[EventCountry "RUS"]
[SourceTitle "EXT 2016"]
[Source "ChessBase"]
[SourceDate "2015.10.08"]
[SourceVersion "1"]
[SourceVersionDate "2015.10.08"]
[SourceQuality "1"]

1. e4 g6 2. d4 Bg7 3. f4 d6 4. Nf3 Nf6 5. Bd3 0-0 6. c3 c5 7. e5 dxe5 8. dxe5 Nd5 9. Be4 e6 10. 0-0 Nc6 11. c4 Nb6 12. Na3 Bd7 13. Be3 Qe7 14. Qe2 f6 15. exf6 Qxf6 16. Rf2 Nd4 17. Bxd4 cxd4 18. Ne5 Rad8 19. Rd1 Ba4 20. b3 Be8 21. Nc2 Nd7 22. Nd3 b6 23. Ncb4 Nc5 24. Nxc5 bxc5 25. Nd3 Qe7 26. Bd5 Bf7 27. Re1 Rd6 28. Bf3 Be8 29. g3 g5 30. Be4 h5 31. Bd5 Bg6 32. Be4 Be8 33. Bd5 Bd7 34. Qxh5 Qf7 35. Qxf7+ Rxf7 36. Be4 gxf4 37. gxf4 Bc6 38. Bxc6 Rxc6 39. Rfe2 Bh6 40. Re4 Rf6 41. Kg2 Ra6 42. R1e2 Rg6+ 43. Kf3 Bf8 44. Re5 Bg7 45. Rg5 Rxg5 46. fxg5 e5 47. h4 Kf7 48. h5 Rd6 49. Ke4 Bh8 50. Rf2+ Ke7 51. Rf5 a5 52. Nxc5 d3 53. Nxd3 Rd4+ 54. Ke3 Rh4 55. g6 Rh3+ 56. Ke2 Ke6 57. Rg5 Bg7 58. Nxe5 Bxe5 59. g7 Bxg7 60. Rxg7 Rxh5 61. Kd3 Ke5 62. Re7+ Kf4 63. Rb7 Rh2 64. a4 Rh1 65. Rb5 Rd1+ 66. Kc2 Rh1 67. Rxa5 Rh3 68. Rb5 Ke4 69. Rd5 Rf3 70. Kb2 Rf2+ 71. Ka3 Rc2 72. Kb4 Rb2 73. a5 Ra2 74. Kb5 Rb2 75. b4 Rh2 76. Rd7 Rh5+ 77. c5 Rh1 78. a6 Ra1 79. a7 Ke5 80. Kb6 Ke6 81. Rd8 1-0

[Event "Irkutsk Baykal op"]
[Site "Irkutsk"]
[Date "2015.05.30"]
[Round "1"]
[White "Popov, Petr"]
[Black "Ginzburg, Alexander"]
[Result "0-1"]
[WhiteElo "1553"]
[BlackElo "1979"]
[PlyCount "124"]
[EventDate "2015.05.30"]
[EventType "swiss"]
[EventRounds "9"]
[EventCountry "RUS"]
[SourceTitle "EXT 2016"]
[Source "ChessBase"]
[SourceDate "2015.10.08"]
[SourceVersion "1"]
[SourceVersionDate "2015.10.08"]
[SourceQuality "1"]

1. e4 e5 2. Nf3 d6 3. Bc4 Be7 4. d4 exd4 5. Qxd4 Nf6 6. 0-0 Nc6 7. Qd3 0-0 8. a3 Ne5 9. Nxe5 dxe5 10. Qxd8 Rxd8 11. Nc3 Bd7 12. Be3 Bc6 13. f3 Rd7 14. b4 a6 15. Rad1 Rad8 16. Rxd7 Rxd7 17. Rd1 b5 18. Rxd7 Nxd7 19. Bd5 Bxd5 20. Nxd5 Bd8 21. g3 c6 22. Nc3 a5 23. Na2 a4 24. Nc1 Bb6 25. Kf2 Bxe3+ 26. Kxe3 Nb6 27. f4 Nc4+ 28. Kd3 f6 29. fxe5 fxe5 30. Kc3 Nxa3 31. Nd3 Nc4 32. Nc5 a3 33. Kb3 Kf7 34. Nd7 Ke7 35. Nc5 g5 36. Nd3 Kd6 37. Nc5 g4 38. Nb7+ Kc7 39. Nc5 Nd2+ 40. Kxa3 Nf3 41. Kb3 Nxh2 42. Nd3 Kd6 43. c4 bxc4+ 44. Kxc4 Nf1 45. Nf2 h5 46. Nh1 h4 47. gxh4 g3 48. Nxg3 Nxg3 49. Kd3 Ke6 50. Ke3 Kf6 51. Kf3 Nh5 52. Ke3 Nf4 53. Kd2 Kg6 54. Kc3 Kh5 55. Kc4 Kxh4 56. Kc5 Nd3+ 57. Kxc6 Nxb4+ 58. Kc5 Nd3+ 59. Kc4 Nf4 60. Kc5 Kg4 61. Kd6 Nd3 62. Kd5 Kf4 0-1

[Event "Irkutsk Baykal op"]
[Site "Irkutsk"]
[Date "2014.06.14"]
[Round "8"]
[White "Ginzburg, Alexander"]
[Black "Shelk, Alexander"]
[Result "0-1"]
[WhiteElo "1988"]
[BlackElo "2336"]
[PlyCount "76"]
[EventDate "2014.06.07"]
[EventType "swiss"]
[EventRounds "9"]
[EventCountry "RUS"]
[SourceTitle "CBM 161 Extra"]
[Source "ChessBase"]
[SourceDate "2014.08.29"]
[SourceVersion "1"]
[SourceVersionDate "2014.08.29"]
[SourceQuality "1"]

1. e4 c5 2. Nf3 e6 3. d4 cxd4 4. Nxd4 a6 5. Be2 Nf6 6. Bf3 Qc7 7. Nc3 Nc6 8. Nxc6 bxc6 9. 0-0 Be7 10. Re1 d5 11. Bg5 Bb7 12. exd5 cxd5 13. Bxf6 gxf6 14. Qd4 0-0 15. Rad1 Kh8 16. Qh4 Rg8 17. Rd3 Rg7 18. g3 Rc8 19. Qh3 Bd6 20. Re2 Rcg8 21. Kh1 f5 22. Nd1 f4 23. Bg2 a5 24. Rdd2 Ba6 25. Re1 a4 26. a3 Be5 27. Rg1 Rg5 28. Bf3 Bxb2 29. c4 Bc1 30. Rc2 Bxa3 31. Nc3 Qxc4 32. Be2 Qc8 33. Bxa6 Qxa6 34. Ra2 fxg3 35. fxg3 Bc5 36. Rxa4 Qd3 37. Rc1 d4 38. Nd1 Qd2 0-1

[Event "Irkutsk-ch"]
[Site "Irkutsk"]
[Date "2014.02.23"]
[Round "8"]
[White "Sergeev, Andrey"]
[Black "Ginzburg, Alexander"]
[Result "0-1"]
[WhiteElo "2032"]
[BlackElo "2010"]
[PlyCount "80"]
[EventDate "2014.02.02"]
[EventType "swiss"]
[EventRounds "9"]
[EventCountry "RUS"]
[SourceTitle "CBM 159 Extra"]
[Source "ChessBase"]
[SourceDate "2014.04.24"]
[SourceVersion "1"]
[SourceVersionDate "2014.04.24"]
[SourceQuality "1"]

1. d4 Nf6 2. c4 g6 3. Nc3 Bg7 4. e4 0-0 5. Be3 d6 6. f3 Nbd7 7. Qd2 Re8 8. h4 e5 9. Nge2 exd4 10. Nxd4 Nh5 11. 0-0-0 Ng3 12. Rh2 Nxf1 13. Rxf1 Ne5 14. b3 h5 15. Nd1 a6 16. Nf2 c5 17. Nc2 b5 18. Rd1 bxc4 19. Bxc5 Nd3+ 20. Nxd3 dxc5 21. bxc4 Qb6 22. Na3 Rb8 23. g3 Be6 24. Kc2 Qc6 25. Qa5 Qd6 26. Rhd2 Qd4 27. Nxc5 Qe3 28. Nxe6 Rb2+ 29. Kc1 Bc3 30. Qg5 Bxd2+ 31. Rxd2 Qc3+ 32. Rc2 Rxc2+ 33. Nxc2 Rxe6 34. Qd8+ Kh7 35. Qd5 Qxf3 36. Nd4 Qc3+ 37. Kd1 Qd3+ 38. Kc1 Rf6 39. Nc2 Qc3 40. Qd1 Qxc4 0-1

[Event "Irkutsk-ch"]
[Site "Irkutsk"]
[Date "2014.02.20"]
[Round "7"]
[White "Markov, Mikhail P"]
[Black "Ginzburg, Alexander"]
[Result "1-0"]
[WhiteElo "1781"]
[BlackElo "2010"]
[PlyCount "99"]
[EventDate "2014.02.02"]
[EventType "swiss"]
[EventRounds "9"]
[EventCountry "RUS"]
[SourceTitle "CBM 159 Extra"]
[Source "ChessBase"]
[SourceDate "2014.04.24"]
[SourceVersion "1"]
[SourceVersionDate "2014.04.24"]
[SourceQuality "1"]

1. e4 d5 2. e5 c5 3. c3 Nc6 4. f4 Bf5 5. d3 e6 6. h4 Be7 7. h5 Bh4+ 8. Kd2 Nh6 9. Be2 0-0 10. g4 Be4 11. dxe4 dxe4+ 12. Kc2 Nd4+ 13. cxd4 cxd4 14. Na3 d3+ 15. Bxd3 exd3+ 16. Kb1 Be7 17. Rh3 d2 18. Qxd2 Qb6 19. Ne2 Nxg4 20. Rb3 Qa6 21. Qd3 Qa4 22. Nc3 Qc6 23. Qe4 Qc5 24. Rxb7 Rab8 25. Na4 Qg1 26. Rxe7 Rfc8 27. Nc2 Nf2 28. Qe1 Qg3 29. Be3 Rc4 30. Rxa7 Rd8 31. Nc3 Qf3 32. a4 Nd1 33. Ka2 Nxc3+ 34. bxc3 Qe4 35. Kb2 Rb8+ 36. Kc1 Qd3 37. Rb1 Rbc8 38. Rb3 Rd8 39. Nb4 Qf5 40. Qe2 Qe4 41. Nd3 h6 42. Nb4 Qh1+ 43. Kb2 Re4 44. Nc2 Rd1 45. Ka3 Rc1 46. Rb4 Rxb4 47. cxb4 Qe4 48. Rc7 Rb1 49. Qc4 Qf3 50. Qd3 1-0

[Event "Irkutsk-ch"]
[Site "Irkutsk"]
[Date "2014.02.13"]
[Round "5"]
[White "Ergeshov, Chingiz"]
[Black "Ginzburg, Alexander"]
[Result "1/2-1/2"]
[WhiteElo "1612"]
[BlackElo "2010"]
[PlyCount "102"]
[EventDate "2014.02.02"]
[EventType "swiss"]
[EventRounds "9"]
[EventCountry "RUS"]
[SourceTitle "CBM 159 Extra"]
[Source "ChessBase"]
[SourceDate "2014.04.24"]
[SourceVersion "1"]
[SourceVersionDate "2014.04.24"]
[SourceQuality "1"]

1. d4 d5 2. c4 e5 3. dxe5 dxc4 4. Qxd8+ Kxd8 5. Bg5+ f6 6. exf6 gxf6 7. Bf4 Nc6 8. Nc3 Bb4 9. 0-0-0+ Bd7 10. Nb5 Ba5 11. e3 a6 12. Nd4 Nxd4 13. Rxd4 b5 14. g3 Bb6 15. Rd1 Ke8 16. Bg2 Rb8 17. Ne2 Ne7 18. Nd4 b4 19. e4 Ng6 20. Rhe1 Ne5 21. Bxe5 fxe5 22. Nf3 Bg4 23. Rd5 Rf8 24. Red1 Bxf2 25. Rxe5+ Kf7 26. h3 Be3+ 27. Kc2 Bxf3 28. Bxf3 b3+ 29. axb3 Rxb3 30. Rd7+ Kg8 31. Be2 Rb4 32. Rxc7 Bd4 33. Rg5+ Kh8 34. Rxc4 Rxb2+ 35. Kd3 Bf6 36. Rf5 Rb3+ 37. Kc2 Rb2+ 38. Kd3 Rb3+ 39. Kc2 Rb2+ 40. Kd1 Rd8+ 41. Rd5 Re8 42. Bd3 Be5 43. g4 Bf4 44. Bc2 Ra2 45. Rb4 a5 46. Rb7 Rc8 47. Rdd7 Raxc2 48. Rxh7+ Kg8 49. Rbg7+ Kf8 50. Rf7+ Kg8 51. Rhg7+ Kh8 1/2-1/2

[Event "Irkutsk-ch"]
[Site "Irkutsk"]
[Date "2014.02.02"]
[Round "1"]
[White "Galenpolsky, Mikhail"]
[Black "Ginzburg, Alexander"]
[Result "1-0"]
[WhiteElo "1734"]
[BlackElo "2010"]
[PlyCount "97"]
[EventDate "2014.02.02"]
[EventType "swiss"]
[EventRounds "9"]
[EventCountry "RUS"]
[SourceTitle "CBM 159 Extra"]
[Source "ChessBase"]
[SourceDate "2014.04.24"]
[SourceVersion "1"]
[SourceVersionDate "2014.04.24"]
[SourceQuality "1"]

1. e4 c5 2. c3 Nf6 3. e5 Nd5 4. d4 cxd4 5. cxd4 Nc6 6. Nc3 Nxc3 7. bxc3 d6 8. f4 dxe5 9. fxe5 e6 10. Nf3 Be7 11. Bd3 Qa5 12. Bd2 Bd7 13. 0-0 0-0-0 14. Rb1 f6 15. Qb3 b6 16. a4 fxe5 17. Bb5 Rhe8 18. Rfd1 e4 19. c4 Nb4 20. Bxb4 Bxb4 21. Bxd7+ Rxd7 22. Ne5 Rxd4 23. Rxd4 Qxe5 24. Rdd1 Bc5+ 25. Kh1 Bd6 26. g3 Qc5 27. a5 Rf8 28. axb6 axb6 29. Qxb6 Qxb6 30. Rxb6 e3 31. Rbxd6 e2 32. Rg1 Rf2 33. Rxe6 Kd7 34. Re4 Kd6 35. Rf4 e1Q 36. Rxe1 Rc2 37. Ref1 g5 38. Rf5 g4 39. R5f4 h5 40. R1f2 Rc1+ 41. Kg2 Kc5 42. Rf8 Kd4 43. Rh8 Rxc4 44. Rf4+ Kc3 45. Rxc4+ Kxc4 46. Rxh5 Kd3 47. Rg5 Ke3 48. Rxg4 Ke2 49. h4 1-0

[Event "Irkutsk Ermolaev Memorial 7th"]
[Site "Irkutsk"]
[Date "2013.08.10"]
[Round "8"]
[White "Ginzburg, Alexander"]
[Black "Ergeshov, Timur"]
[Result "0-1"]
[WhiteElo "2032"]
[BlackElo "1859"]
[PlyCount "86"]
[EventDate "2013.08.02"]
[EventType "swiss"]
[EventRounds "9"]
[EventCountry "RUS"]
[SourceTitle "CBM 155 Extra"]
[Source "ChessBase"]
[SourceDate "2013.08.26"]
[SourceVersion "1"]
[SourceVersionDate "2013.08.26"]
[SourceQuality "1"]

1. e4 c5 2. c3 d5 3. exd5 Qxd5 4. Na3 Nf6 5. d4 cxd4 6. Nb5 Na6 7. cxd4 Bg4 8. Qa4 Bd7 9. Nf3 e6 10. Be2 Bb4+ 11. Bd2 Bxd2+ 12. Nxd2 0-0 13. 0-0 Nc7 14. Nxc7 Bxa4 15. Nxd5 Nxd5 16. Rfc1 Rfd8 17. Bf3 Nf4 18. Rc7 Rxd4 19. Nb3 Rb4 20. Rac1 Bc6 21. Na5 Rxb2 22. Nxb7 Bxb7 23. Bxb7 Rd8 24. Bf3 Ne2+ 25. Bxe2 Rxe2 26. Rxa7 g6 27. a4 Rdd2 28. Ra8+ Kg7 29. a5 Rxf2 30. a6 Rxg2+ 31. Kh1 Rxh2+ 32. Kg1 Rdg2+ 33. Kf1 Rc2 34. Kg1 Rxc1+ 35. Kxh2 Ra1 36. Kg3 h5 37. Kf4 Ra4+ 38. Ke5 h4 39. Kd6 h3 40. a7 h2 41. Ke7 h1Q 42. Re8 Rxa7+ 43. Kd6 Qd5# 0-1

[Event "Irkutsk Ermolaev Memorial 7th"]
[Site "Irkutsk"]
[Date "2013.08.03"]
[Round "1"]
[White "Tiuriumin, Anatoly"]
[Black "Ginzburg, Alexander"]
[Result "0-1"]
[WhiteElo "1487"]
[BlackElo "2032"]
[PlyCount "76"]
[EventDate "2013.08.02"]
[EventType "swiss"]
[EventRounds "9"]
[EventCountry "RUS"]
[SourceTitle "CBM 155 Extra"]
[Source "ChessBase"]
[SourceDate "2013.08.26"]
[SourceVersion "1"]
[SourceVersionDate "2013.08.26"]
[SourceQuality "1"]

1. e4 d5 2. exd5 Nf6 3. Nc3 Nxd5 4. Nf3 Nf6 5. Bc4 Nc6 6. 0-0 g6 7. d3 Bg7 8. Ne2 Bg4 9. Ng5 Ne5 10. f3 Bd7 11. Bb3 0-0 12. d4 Nc6 13. c3 Na5 14. Bc2 Bc6 15. Bd3 b5 16. Ne4 Nc4 17. b3 Nb6 18. Bg5 b4 19. Nxf6+ exf6 20. Be3 Nd5 21. Bd2 bxc3 22. Nxc3 Nb4 23. Be4 f5 24. Bxc6 Qxd4+ 25. Kh1 Nxc6 26. Rc1 Qd7 27. Bf4 Nd4 28. Ne2 c5 29. Rxc5 Qe7 30. Nxd4 Qxc5 31. Ne2 Rad8 32. Qb1 Rfe8 33. Ng3 Re6 34. Rc1 Rde8 35. h3 Qf2 36. Kh2 Re1 37. Nh1 Qg1+ 38. Kg3 Qxh1 0-1